46-鹿児島県の市町村クイズ - Statistics

General Stats
  • This quiz has been taken 1,773 times
    1,631 since last reset
  • The average score is 25 of 43
Answers on the Map
Answers color-coded by a green-red scale on the quiz's map according to % correct below.
 
Answer Stats
Answer % Correct
鹿児島かごしま
91%
屋久島やくしまちょう
78%
指宿いぶすき
76%
霧島きりしま
75%
中種子なかたねちょう
75%
南種子みなみたねちょう
75%
薩摩川内さつませんだい
70%
志布志しぶし
70%
枕崎まくらざき
70%
姶良あいら
68%
奄美あまみ
68%
鹿屋かのや
68%
いちき串木野くしきの
65%
垂水たるみず
63%
十島としまむら
63%
出水いずみ
62%
西之表にしのおもて
62%
南大隅みなみおおすみちょう
62%
南九州みなみきゅうしゅう
62%
阿久根あくね
61%
長島ながしまちょう
60%
三島みしまむら
58%
与論よろんちょう
58%
曽於そお
57%
日置ひおき
56%
みなみさつま
56%
伊佐いさ
54%
喜界きかいちょう
53%
錦江きんこうちょう
52%
さつまちょう
51%
瀬戸内せとうちちょう
50%
肝付きもつきちょう
49%
徳之島とくのしまちょう
49%
湧水ゆうすいちょう
49%
宇検うけんそん
48%
東串良ひがしくしらちょう
48%
龍郷たつごうちょう
47%
大崎おおさきちょう
42%
知名ちなちょう
40%
和泊わどまりちょう
40%
伊仙いせんちょう
39%
大和やまとそん
39%
天城あまぎちょう
36%
No matching quizzes found
Score Distribution
Percent of People with Each Score
Percentile by Number Answered
Your Score History
You have not taken this quiz since the last reset